00672nam a2200157 4500008004100000082001600041100002300057245009200080260014100172300003300313440002600346650002400372942000700396952009600403999001500499240311b |||||||| |||| 00| 0 eng d a303.69bPAF aPaffenholz, Thania aSummary of results for a comparative research project:bcivil society and peacebuilding aGeneva:bCentre on Conflict, Development and Peacebuilding (CCDP),The Graduate Institute of International and Development Studies,c2009 a28 p.bBibliography included aCCDP working paperv4 aCONFLICT RESOLUTION cRP 00102ddc4070aMAINbMAINd2024-03-11l0o303.69 PAFpRAF5200r2024-03-11w2024-03-11yRP c4860d4860